1 Liga 2024/25 - dopasuj klub do województwa. - Statystyki

Ogólne statystyki
  • Ten quiz został rozwiązany 139 razy
  • Średni wynik to 14 z 18
Statystyki odpowiedzi
Hint Odpowiedź % Poprawnych
Arka Gdynia pomorskie
92%
ŁKS Łódź łódzkie
90%
Polonia Warszawa mazowieckie
87%
Ruch Chorzów śląskie
86%
GKS Tychy śląskie
85%
Odra Opole opolskie
84%
Wisła Kraków małopolskie
82%
Stal Rzeszów podkarpackie
82%
Warta Poznań wielkopolskie
81%
Bruk-Bet Termalica Nieciecza małopolskie
80%
Znicz Pruszków mazowieckie
80%
Miedź Legnica dolnośląskie
74%
Pogoń Siedlce mazowieckie
73%
Wisła Płock mazowieckie
71%
Kotwica Kołobrzeg zachodniopomorskie
68%
Chrobry Głogów dolnośląskie
67%
Górnik Łęczna lubelskie
65%
Stal Stalowa Wola podkarpackie
59%
Nie znaleziono quizów pasujących do podanych kryteriów
Rozkład punktacji
Procent ludzi z każdym wynikiem
Percentyl według liczby udzielonych odpowiedzi
Twoja historia wyników
Nie rozwiązałeś tego quizu